00165nam a2200073Ia 4500008004100000100001400041245002700055260000900082170620s9999 xx 000 0 und d aA . I. R. 0aAll India Report- 2000 c2000